01293nam a2200325 a 4500001001200000003000800012006001900020007001500039008004100054020002600095020002700121040002100148035002100169041001300190050002400203100002200227245013100249260004500380300001100425440004600436504005100482533015200533546002700685650004200712650002400754655002900778710001700807856012600824999001700950ebr10718971CaPaEBRm o u cr cn|||||||||130618s2013 mau sb 001 0 eng d z9781618111661 (cloth) z9781618111883 (e-book) aCaPaEBRcCaPaEBR a(OCoLC)8501783730 aengaheb14aPJ5022b.G53 2013eb1 aGlazer, Aubrey L.10aMystical vertigoh[electronic resource] :bcontemporary kabbalistic Hebrew poetry dancing over the divide /cAubrey L. Glazer. aBoston :bAcademic Studies Press,c2013. a304 p. 0aNew perspectives in post-Rabbinic Judaism aIncludes bibliographical references and index. aElectronic reproduction.bPalo Alto, Calif. :cebrary,d2013.nAvailable via World Wide Web.nAccess may be limited to ebrary affiliated libraries. aIn English and Hebrew. 0aHebrew poetryxHistory and criticism. 0aMysticismxJudaism. 7aElectronic books.2local2 aebrary, Inc.40uhttp://site.ebrary.com/lib/rucke/Doc?id=10718971zAn electronic book accessible through the World Wide Web; click to view c28069d28069